00589nam a22001697a 4500010001300000020002700013035001300040037001600053040001200069082001500081110005300096245012800149260006400277300001900341650002900360650003000389 aB-168044 a9788186623848c1100.00 aB-168044 aCen Lib/Ret aDPLbEN a631.8bTHE bIndia. National Institute of Industrial Research aThe complete technology book on bio-fertilizer and organic farming / bby National Institute of Industrial Research (India) aNew DelhibNational Institute of Industrial Research,c2004 a620pb24cm(Pb) aBiofertilizers -- India. aOrganic farming -- India.